[Event "Talent CUP"]
[Site "?"]
[Date "2016.12.18"]
[Round "9.15"]
[White "Wiszniewski, Szymon"]
[Black "Raclawicki, Tymoteusz"]
[Result "1-0"]
[BlackElo "1249"]
[WhiteElo "1276"]
[LiveChessVersion "1.4.8"]

1. e4 {[%clk 0:45:59]} c5 {[%clk 0:45:55]} 2. Nf3 {[%clk 0:46:23]} d6
{[%clk 0:46:21]} 3. d4 {[%clk 0:46:51]} cxd4 {[%clk 0:46:42]} 4. Nxd4
{[%clk 0:46:55]} Nf6 {[%clk 0:47:10]} 5. Nc3 {[%clk 0:47:18]} g6 {[%clk 0:47:20]}
6. Be3 {[%clk 0:47:42]} Ng4 {[%clk 0:47:40]} 7. Bb5+ {[%clk 0:48:04]} Nc6
{[%clk 0:46:21]} 8. Nxc6 {[%clk 0:48:11]} Nxe3 {[%clk 0:46:27]} 9. Nxd8+
{[%clk 0:48:37]} Kxd8 {[%clk 0:46:35]} 10. fxe3 {[%clk 0:49:04]} Bg7
{[%clk 0:46:46]} 11. O-O {[%clk 0:49:22]} Be6 {[%clk 0:46:44]} 12. Rb1
{[%clk 0:48:55]} h5 {[%clk 0:46:29]} 13. Nd5 {[%clk 0:49:08]} Bg4
{[%clk 0:46:07]} 14. Qd3 {[%clk 0:49:21]} Rc8 {[%clk 0:45:31]} 15. Rxf7
{[%clk 0:49:45]} Bh6 {[%clk 0:45:15]} 16. Rxe7 {[%clk 0:50:00]} Rf8
{[%clk 0:45:07]} 17. Rd7+ {[%clk 0:50:19]} Bxd7 {[%clk 0:45:18]} 18. Bxd7
{[%clk 0:50:29]} Kxd7 {[%clk 0:45:20]} 19. Rf1 {[%clk 0:50:53]} Rxf1+
{[%clk 0:44:58]} 20. Qxf1 {[%clk 0:51:07]} Rf8 {[%clk 0:44:29]} 21. Qb5+
{[%clk 0:51:04]} Ke6 {[%clk 0:44:27]} 22. Qxb7 {[%clk 0:51:07]} Rf7
{[%clk 0:43:22]} 23. Qc8+ Ke5 {[%clk 0:42:22]} 24. Qe8+ {[%clk 0:52:00]} Re7
{[%clk 0:42:03]} 25. Qxe7# {[%clk 0:52:27]} 1-0